[Event "Stay Safe Play From Home 365"]
[Site "Emanuel Lasker Arena"]
[Date "2020.08.07"]
[Round "8"]
[White "Tran Minh Thang"]
[Black "Batabat1955"]
[Result "1-0"]
[WhiteElo "2443"]
[BlackElo "1982"]
[Annotator "NA"]
[PlyCount "68"]
[EventDate "2020.08.07"]
[EventType "swiss (blitz)"]

1. d4 {[%emt 0:00:01]} c6 {[%emt 0:00:01]} 2. Bf4 {[%emt 0:00:00]} d5 {[%emt 0:00:00]} 3. e3 {[%emt 0:00:00]} Nf6 {[%emt 0:00:01]} 4. c4 {[%emt 0:00:01]} Bg4 {[%emt 0:00:00]} 5. Qb3 {[%emt 0:00:00]} Qb6 {[%emt 0:00:01]} 6. Nd2 {[%emt 0:00:00]} e6 {[%emt 0:00:01]} 7. c5 {[%emt 0:00:00]} Qxb3 {[%emt 0:00:04]} 8. axb3 {[%emt 0:00:00]} Nbd7 {[%emt 0:00:01]} 9. b4 {[%emt 0:00:00]} Nh5 {[%emt 0:00:01]} 10. h3 {[%emt 0:00:04]} Nxf4 {[%emt 0:00:01]} 11. hxg4 {[%emt 0:00:00]} Ng6 {[%emt 0:00:01]} 12. Ngf3 {[%emt 0:00:01]} f6 {[%emt 0:00:01]} 13. b5 {[%emt 0:00:01]} Be7 {[%emt 0:00:04]} 14. b4 {[%emt 0:00:01]} O-O {[%emt 0:00:01]} 15. Bd3 {[%emt 0:00:02]} e5 {[%emt 0:00:01]} 16. Bf5 {[%emt 0:00:01]} Rfd8 {[%emt 0:00:02]} 17. Be6+ {[%emt 0:00:04]} Kh8 {[%emt 0:00:02]} 18. Bf5 {[%emt 0:00:01]} Ndf8 {[%emt 0:00:02]} 19. bxc6 {[%emt 0:00:03]} bxc6 {[%emt 0:00:01]} 20. Ke2 {[%emt 0:00:01]} exd4 {[%emt 0:00:01]} 21. Nxd4 {[%emt 0:00:01]} Ne5 {[%emt 0:00:04]} 22. f4 {[%emt 0:00:01]} Nc4 {[%emt 0:00:01]} 23. Nxc4 {[%emt 0:00:01]} dxc4 {[%emt 0:00:01]} 24. Nxc6 {[%emt 0:00:00]} Re8 {[%emt 0:00:02]} 25. Rxa7 {[%emt 0:00:05]} Rxa7 {[%emt 0:00:01]} 26. Nxa7 {[%emt 0:00:00]} g6 {[%emt 0:00:01]} 27. Bc2 {[%emt 0:00:03]} Rb8 {[%emt 0:00:02]} 28. c6 {[%emt 0:00:02]} Bd6 {[%emt 0:00:03]} 29. Rd1 {[%emt 0:00:02]} Bxb4 {[%emt 0:00:05]} 30. c7 {[%emt 0:00:01]} Ra8 {[%emt 0:00:04]} 31. Rd8 {[%emt 0:00:01]} Kg7 {[%emt 0:00:02]} 32. Rxa8 {[%emt 0:00:01]} Ne6 {[%emt 0:00:00]} 33. c8=Q {[%emt 0:00:01]} Bd6 {[%emt 0:00:01]} 34. Bxg6 {[%emt 0:00:05]} Bxf4 {[%emt 0:00:00] Batabat1955 resigns Batabat1955 resigns Batabat1955 resigns Batabat1955 resigns Batabat1955 resigns (Lag: Av=0.80s, max=1.0s) (Lag: Av=0.80s, max=1.0s) (Lag: Av=0.80s, max=1.0s) (Lag: Av=0.80s, max=1.0s) (Lag: Av=0.80s, max=1.0s)} 1-0

[Event "Stay Safe Play From Home 365"]
[Site "Emanuel Lasker Arena"]
[Date "2020.08.07"]
[Round "8"]
[White "BrainThinker22"]
[Black "Sfantul321"]
[Result "1-0"]
[WhiteElo "2298"]
[BlackElo "1947"]
[Annotator "NA"]
[PlyCount "113"]
[EventDate "2020.08.07"]
[EventType "swiss (blitz)"]

1. a4 {[%emt 0:00:07]} g6 {[%emt 0:00:00]} 2. a5 {[%emt 0:00:01]} Bg7 {[%emt 0:00:00]} 3. h4 {[%emt 0:00:01]} h5 {[%emt 0:00:01]} 4. Nf3 {[%emt 0:00:02]} a6 {[%emt 0:00:01]} 5. d4 {[%emt 0:00:01]} c5 {[%emt 0:00:01]} 6. c3 {[%emt 0:00:00]} cxd4 {[%emt 0:00:01]} 7. cxd4 {[%emt 0:00:00]} d5 {[%emt 0:00:00]} 8. b4 {[%emt 0:00:01]} Nc6 {[%emt 0:00:00]} 9. Bd2 {[%emt 0:00:00]} Bg4 {[%emt 0:00:02]} 10. e3 {[%emt 0:00:01]} Bxf3 {[%emt 0:00:01]} 11. Qxf3 {[%emt 0:00:00]} e6 {[%emt 0:00:00]} 12. Bd3 {[%emt 0:00:01]} Nf6 {[%emt 0:00:01]} 13. Na3 {[%emt 0:00:01]} O-O {[%emt 0:00:01]} 14. Nc2 {[%emt 0:00:00]} Qd6 {[%emt 0:00:02]} 15. O-O {[%emt 0:00:01]} Rac8 {[%emt 0:00:01]} 16. b5 {[%emt 0:00:01]} axb5 {[%emt 0:00:01]} 17. Bxb5 {[%emt 0:00:00]} e5 {[%emt 0:00:01]} 18. Bxc6 {[%emt 0:00:02]} bxc6 {[%emt 0:00:01]} 19. Bb4 {[%emt 0:00:01]} Qe6 {[%emt 0:00:02]} 20. Bxf8 {[%emt 0:00:01]} Bxf8 {[%emt 0:00:01]} 21. dxe5 {[%emt 0:00:00]} Qxe5 {[%emt 0:00:01]} 22. Nd4 {[%emt 0:00:00]} c5 {[%emt 0:00:01]} 23. Nb5 {[%emt 0:00:01]} Bg7 {[%emt 0:00:01]} 24. g3 {[%emt 0:00:01]} Ne4 {[%emt 0:00:02]} 25. a6 {[%emt 0:00:02]} Nd2 {[%emt 0:00:01]} 26. Qe2 {[%emt 0:00:02]} Nxf1 {[%emt 0:00:01]} 27. Rxf1 {[%emt 0:00:04]} Ra8 {[%emt 0:00:02]} 28. Qa2 {[%emt 0:00:01]} c4 {[%emt 0:00:02]} 29. Rd1 {[%emt 0:00:01]} Qb8 {[%emt 0:00:04]} 30. Nd4 {[%emt 0:00:04]} Qb6 {[%emt 0:00:01]} 31. Nf3 {[%emt 0:00:03]} Rxa6 {[%emt 0:00:01]} 32. Qd2 {[%emt 0:00:01]} Ra5 {[%emt 0:00:01]} 33. e4 {[%emt 0:00:03]} dxe4 {[%emt 0:00:03]} 34. Qd8+ {[%emt 0:00:00]} Qxd8 {[%emt 0:00:01]} 35. Rxd8+ {[%emt 0:00:00]} Bf8 {[%emt 0:00:01]} 36. Ng5 {[%emt 0:00:00]} e3 {[%emt 0:00:01]} 37. fxe3 {[%emt 0:00:01]} Rc5 {[%emt 0:00:01]} 38. Rd2 {[%emt 0:00:01]} c3 {[%emt 0:00:01]} 39. Rc2 {[%emt 0:00:00]} Bh6 {[%emt 0:00:01]} 40. Ne4 {[%emt 0:00:02]} Bxe3+ {[%emt 0:00:01]} 41. Kf1 {[%emt 0:00:00]} Rc4 {[%emt 0:00:01]} 42. Nd6 {[%emt 0:00:03]} Rc6 {[%emt 0:00:01]} 43. Nb5 {[%emt 0:00:01]} Bd2 {[%emt 0:00:01]} 44. Ke2 {[%emt 0:00:01]} Re6+ {[%emt 0:00:01]} 45. Kd3 {[%emt 0:00:00]} Rf6 {[%emt 0:00:03]} 46. Nxc3 {[%emt 0:00:01]} Rd6+ {[%emt 0:00:01]} 47. Ke2 {[%emt 0:00:01]} Be1 {[%emt 0:00:00]} 48. Kxe1 {[%emt 0:00:01]} Re6+ {[%emt 0:00:01]} 49. Ne2 {[%emt 0:00:00]} f5 {[%emt 0:00:02]} 50. Rc8+ {[%emt 0:00:00]} Kg7 {[%emt 0:00:01]} 51. Rc3 {[%emt 0:00:00]} Kh6 {[%emt 0:00:00]} 52. Kf2 {[%emt 0:00:00]} Rd6 {[%emt 0:00:01]} 53. Nf4 {[%emt 0:00:00]} Rd2+ {[%emt 0:00:01]} 54. Ke3 {[%emt 0:00:00]} Rd1 {[%emt 0:00:00]} 55. Rc6 {[%emt 0:00:00]} Re1+ {[%emt 0:00:01]} 56. Kf2 {[%emt 0:00:00]} Rb1 {[%emt 0:00:01]} 57. Rxg6+ {[%emt 0:00:00] Time Time Time Time Time (Lag: Av=0.35s, max=0.6s) (Lag: Av=0.35s, max=0.6s) (Lag: Av=0.35s, max=0.6s) (Lag: Av=0.35s, max=0.6s) (Lag: Av=0.35s, max=0.6s)} 1-0

[Event "Stay Safe Play From Home 365"]
[Site "Emanuel Lasker Arena"]
[Date "2020.08.07"]
[Round "8"]
[White "Haxhi Baha"]
[Black "Lamborghini"]
[Result "0-1"]
[WhiteElo "2034"]
[BlackElo "2333"]
[PlyCount "120"]
[EventDate "2020.08.07"]
[EventType "swiss (blitz)"]

1. e4 {[%emt 0:00:01]} c5 {[%emt 0:00:01]} 2. Nf3 {[%emt 0:00:03]} d6 {[%emt 0:00:00]} 3. d4 {[%emt 0:00:01]} cxd4 {[%emt 0:00:01]} 4. Nxd4 {[%emt 0:00:00]} Nf6 {[%emt 0:00:00]} 5. Nc3 {[%emt 0:00:00]} g6 {[%emt 0:00:00]} 6. f4 {[%emt 0:00:01]} Bg7 {[%emt 0:00:00]} 7. Be3 {[%emt 0:00:01]} O-O {[%emt 0:00:01]} 8. Be2 {[%emt 0:00:00]} Nc6 {[%emt 0:00:01]} 9. h3 {[%emt 0:00:01]} Qb6 {[%emt 0:00:01]} 10. Nf5 {[%emt 0:00:02]} Qxb2 {[%emt 0:00:02]} 11. Kd2 {[%emt 0:00:02]} gxf5 {[%emt 0:00:05]} 12. Rb1 {[%emt 0:00:01]} Qa3 {[%emt 0:00:01]} 13. e5 {[%emt 0:00:01]} dxe5 {[%emt 0:00:01]} 14. Rb3 {[%emt 0:00:00]} Qa5 {[%emt 0:00:02]} 15. Kc1 {[%emt 0:00:02]} exf4 {[%emt 0:00:02]} 16. Bxf4 {[%emt 0:00:00]} Ne4 {[%emt 0:00:04]} 17. Nxe4 {[%emt 0:00:01]} fxe4 {[%emt 0:00:00]} 18. Kb1 {[%emt 0:00:01]} Be6 {[%emt 0:00:01]} 19. Qe1 {[%emt 0:00:03]} Qxe1+ {[%emt 0:00:02]} 20. Rxe1 {[%emt 0:00:01]} Bxb3 {[%emt 0:00:00]} 21. axb3 {[%emt 0:00:00]} Nd4 {[%emt 0:00:01]} 22. Bc4 {[%emt 0:00:01]} b5 {[%emt 0:00:00]} 23. Bd5 {[%emt 0:00:01]} Rac8 {[%emt 0:00:06]} 24. Bxe4 {[%emt 0:00:00]} e5 {[%emt 0:00:01]} 25. Bg5 {[%emt 0:00:02]} f5 {[%emt 0:00:02]} 26. Bd5+ {[%emt 0:00:02]} Kh8 {[%emt 0:00:00]} 27. Be7 {[%emt 0:00:01]} Rfe8 {[%emt 0:00:01]} 28. Bd6 {[%emt 0:00:01]} Rxc2 {[%emt 0:00:03]} 29. Bf7 {[%emt 0:00:04]} Rd8 {[%emt 0:00:01]} 30. Be7 {[%emt 0:00:01]} Rd7 {[%emt 0:00:01]} 31. Bg5 {[%emt 0:00:04]} Rxf7 {[%emt 0:00:02]} 32. Be3 {[%emt 0:00:00]} Rxg2 {[%emt 0:00:01]} 33. Bxd4 {[%emt 0:00:01]} exd4 {[%emt 0:00:00]} 34. Re8+ {[%emt 0:00:01]} Bf8 {[%emt 0:00:00]} 35. Re7 {[%emt 0:00:00]} f4 {[%emt 0:00:00]} 36. Rxf7 {[%emt 0:00:01]} Kg8 {[%emt 0:00:00]} 37. Rxf4 {[%emt 0:00:01]} d3 {[%emt 0:00:00]} 38. Rd4 {[%emt 0:00:02]} d2 {[%emt 0:00:00]} 39. Kc2 {[%emt 0:00:00]} Bb4 {[%emt 0:00:01]} 40. Rxb4 {[%emt 0:00:01]} a6 {[%emt 0:00:02]} 41. Rd4 {[%emt 0:00:01]} Kf7 {[%emt 0:00:01]} 42. b4 {[%emt 0:00:01]} Ke6 {[%emt 0:00:01]} 43. Rd8 {[%emt 0:00:01]} Ke5 {[%emt 0:00:01]} 44. Kd1 {[%emt 0:00:01]} Ke4 {[%emt 0:00:01]} 45. Re8+ {[%emt 0:00:01]} Kd3 {[%emt 0:00:01]} 46. Rd8+ {[%emt 0:00:00]} Kc3 {[%emt 0:00:01]} 47. Rc8+ {[%emt 0:00:00]} Kxb4 {[%emt 0:00:01]} 48. Rd8 {[%emt 0:00:00]} a5 {[%emt 0:00:00]} 49. Rd4+ {[%emt 0:00:01]} Kc5 {[%emt 0:00:02]} 50. Rd3 {[%emt 0:00:01]} a4 {[%emt 0:00:00]} 51. Rf3 {[%emt 0:00:00]} Kb4 {[%emt 0:00:00]} 52. Rf5 {[%emt 0:00:00]} Ka5 {[%emt 0:00:00]} 53. Rf8 {[%emt 0:00:01]} a3 {[%emt 0:00:00]} 54. Kc2 {[%emt 0:00:02]} Rg1 {[%emt 0:00:00]} 55. Kxd2 {[%emt 0:00:02]} a2 {[%emt 0:00:00]} 56. Ra8+ {[%emt 0:00:00]} Kb4 {[%emt 0:00:00]} 57. Rb8 {[%emt 0:00:01]} Rg2+ {[%emt 0:00:00]} 58. Ke3 {[%emt 0:00:01]} a1=Q {[%emt 0:00:00]} 59. Rxb5+ {[%emt 0:00:00]} Kxb5 {[%emt 0:00:01]} 60. Kf3 {[%emt 0:00:01]} Qg7 {[%emt 0:00:00]} 0-1

[Event "Stay Safe Play From Home 365"]
[Site "Emanuel Lasker Arena"]
[Date "2020.08.07"]
[Round "8"]
[White "Cirovicz"]
[Black "TheCHESSHOUSE"]
[Result "1-0"]
[WhiteElo "1832"]
[BlackElo "2054"]
[PlyCount "73"]
[EventDate "2020.08.07"]
[EventType "swiss (blitz)"]

1. e4 {[%emt 0:00:01]} c5 {[%emt 0:00:02]} 2. Nf3 {[%emt 0:00:00]} d6 {[%emt 0:00:00]} 3. Bc4 {[%emt 0:00:01]} e6 {[%emt 0:00:01]} 4. c3 {[%emt 0:00:00]} Ne7 {[%emt 0:00:01]} 5. d4 {[%emt 0:00:00]} g6 {[%emt 0:00:00]} 6. d5 {[%emt 0:00:01]} exd5 {[%emt 0:00:01]} 7. Bxd5 {[%emt 0:00:01]} Bg7 {[%emt 0:00:01]} 8. Ng5 {[%emt 0:00:02]} O-O {[%emt 0:00:01]} 9. f4 {[%emt 0:00:01]} Nxd5 {[%emt 0:00:01]} 10. exd5 {[%emt 0:00:01]} Re8+ {[%emt 0:00:01]} 11. Kf2 {[%emt 0:00:01]} h6 {[%emt 0:00:02]} 12. Nf3 {[%emt 0:00:01]} Bg4 {[%emt 0:00:02]} 13. Re1 {[%emt 0:00:01]} Nd7 {[%emt 0:00:02]} 14. Rxe8+ {[%emt 0:00:01]} Qxe8 {[%emt 0:00:00]} 15. Qe2 {[%emt 0:00:01]} Qd8 {[%emt 0:00:01]} 16. Be3 {[%emt 0:00:02]} Nf6 {[%emt 0:00:01]} 17. h3 {[%emt 0:00:01]} Ne4+ {[%emt 0:00:01]} 18. Kf1 {[%emt 0:00:02]} Bf5 {[%emt 0:00:01]} 19. Kg1 {[%emt 0:00:01]} Kh7 {[%emt 0:00:02]} 20. Nbd2 {[%emt 0:00:01]} Nf6 {[%emt 0:00:02]} 21. Re1 {[%emt 0:00:02]} Nxd5 {[%emt 0:00:01]} 22. Bf2 {[%emt 0:00:01]} Nxf4 {[%emt 0:00:01]} 23. Qe3 {[%emt 0:00:01]} Nd5 {[%emt 0:00:01]} 24. Qe2 {[%emt 0:00:01]} Qf6 {[%emt 0:00:01]} 25. c4 {[%emt 0:00:02]} Nf4 {[%emt 0:00:01]} 26. Qf1 {[%emt 0:00:01]} Qxb2 {[%emt 0:00:04]} 27. Ne4 {[%emt 0:00:02]} Bxe4 {[%emt 0:00:04]} 28. Rxe4 {[%emt 0:00:02]} Nh5 {[%emt 0:00:02]} 29. Re7 {[%emt 0:00:01]} Rf8 {[%emt 0:00:06]} 30. Rc7 {[%emt 0:00:02]} b6 {[%emt 0:00:02]} 31. Rxa7 {[%emt 0:00:02]} Nf4 {[%emt 0:00:04]} 32. Bg3 {[%emt 0:00:01]} Ne2+ {[%emt 0:00:01]} 33. Kh2 {[%emt 0:00:01]} Nxg3 {[%emt 0:00:00]} 34. Kxg3 {[%emt 0:00:01]} Qc3 {[%emt 0:00:00]} 35. Qe1 {[%emt 0:00:02]} Be5+ {[%emt 0:00:01]} 36. Kf2 {[%emt 0:00:02]} Bf4 {[%emt 0:00:01]} 37. Qxc3 {[%emt 0:00:01] TheCHESSHOUSE resigns TheCHESSHOUSE resigns TheCHESSHOUSE resigns TheCHESSHOUSE resigns TheCHESSHOUSE resigns (Lag: Av=1.13s, max=4.4s) (Lag: Av=1.13s, max=4.4s) (Lag: Av=1.13s, max=4.4s) (Lag: Av=1.13s, max=4.4s) (Lag: Av=1.13s, max=4.4s)} 1-0

[Event "Stay Safe Play From Home 365"]
[Site "Emanuel Lasker Arena"]
[Date "2020.08.07"]
[Round "8"]
[White "Oznog"]
[Black "Buzaglo"]
[Result "0-1"]
[WhiteElo "1794"]
[BlackElo "1841"]
[Annotator "NA"]
[PlyCount "94"]
[EventDate "2020.08.07"]
[EventType "swiss (blitz)"]

1. e4 {[%emt 0:00:03]} e6 {[%emt 0:00:00]} 2. Nf3 {[%emt 0:00:01]} d5 {[%emt 0:00:00]} 3. e5 {[%emt 0:00:00]} d4 {[%emt 0:00:01]} 4. c3 {[%emt 0:00:02]} c5 {[%emt 0:00:00]} 5. cxd4 {[%emt 0:00:01]} cxd4 {[%emt 0:00:00]} 6. Qa4+ {[%emt 0:00:02]} Nc6 {[%emt 0:00:00]} 7. Bb5 {[%emt 0:00:02]} Bd7 {[%emt 0:00:00]} 8. Bxc6 {[%emt 0:00:01]} Bxc6 {[%emt 0:00:00]} 9. Qxd4 {[%emt 0:00:01]} Qxd4 {[%emt 0:00:02]} 10. Nxd4 {[%emt 0:00:01]} Bxg2 {[%emt 0:00:00]} 11. Rg1 {[%emt 0:00:01]} Bd5 {[%emt 0:00:00]} 12. Nc3 {[%emt 0:00:01]} Ne7 {[%emt 0:00:01]} 13. Ndb5 {[%emt 0:00:01]} Rc8 {[%emt 0:00:02]} 14. Nd6+ {[%emt 0:00:01]} Kd7 {[%emt 0:00:00]} 15. Nxc8 {[%emt 0:00:02]} Kxc8 {[%emt 0:00:00]} 16. Nb5 {[%emt 0:00:01]} Nc6 {[%emt 0:00:05]} 17. d4 {[%emt 0:00:03]} a6 {[%emt 0:00:03]} 18. Nc3 {[%emt 0:00:01]} Nxd4 {[%emt 0:00:01]} 19. Nxd5 {[%emt 0:00:01]} exd5 {[%emt 0:00:00]} 20. Kd2 {[%emt 0:00:03]} Nf3+ {[%emt 0:00:01]} 21. Ke3 {[%emt 0:00:02]} Nxg1 {[%emt 0:00:00]} 22. Bd2 {[%emt 0:00:01]} Nh3 {[%emt 0:00:01]} 23. Rc1+ {[%emt 0:00:01]} Kb8 {[%emt 0:00:01]} 24. Ba5 {[%emt 0:00:01]} Be7 {[%emt 0:00:04]} 25. Rc7 {[%emt 0:00:01]} Bd8 {[%emt 0:00:02]} 26. Rc5 {[%emt 0:00:06]} Bxa5 {[%emt 0:00:01]} 27. Rxa5 {[%emt 0:00:01]} Rc8 {[%emt 0:00:01]} 28. Rxd5 {[%emt 0:00:02]} Rc2 {[%emt 0:00:01]} 29. Rd7 {[%emt 0:00:01]} Rxb2 {[%emt 0:00:01]} 30. Rxf7 {[%emt 0:00:01]} Rxa2 {[%emt 0:00:01]} 31. e6 {[%emt 0:00:00]} Ra3+ {[%emt 0:00:02]} 32. Ke4 {[%emt 0:00:01]} Ng5+ {[%emt 0:00:00]} 33. Kf5 {[%emt 0:00:01]} Nxe6 {[%emt 0:00:00]} 34. Kxe6 {[%emt 0:00:01]} Ra2 {[%emt 0:00:01]} 35. Kd6 {[%emt 0:00:02]} Rd2+ {[%emt 0:00:01]} 36. Kc5 {[%emt 0:00:01]} Ka7 {[%emt 0:00:01]} 37. Rxg7 {[%emt 0:00:01]} Re2 {[%emt 0:00:00]} 38. Rxh7 {[%emt 0:00:01]} Rxf2 {[%emt 0:00:00]} 39. h4 {[%emt 0:00:00]} Rf5+ {[%emt 0:00:00]} 40. Kc4 {[%emt 0:00:01]} a5 {[%emt 0:00:00]} 41. h5 {[%emt 0:00:00]} Rf4+ {[%emt 0:00:01]} 42. Kc3 {[%emt 0:00:01]} Rh4 {[%emt 0:00:00]} 43. Kb3 {[%emt 0:00:00]} a4+ {[%emt 0:00:00]} 44. Ka3 {[%emt 0:00:01]} Ka6 {[%emt 0:00:00]} 45. h6 {[%emt 0:00:00]} b6 {[%emt 0:00:00]} 46. Rh8 {[%emt 0:00:01]} Kb5 {[%emt 0:00:00]} 47. Ra8 {[%emt 0:00:00]} Rh3+ {[%emt 0:00:01] Time Time Time Time Time (Lag: Av=0.57s, max=1.1s) (Lag: Av=0.57s, max=1.1s) (Lag: Av=0.57s, max=1.1s) (Lag: Av=0.57s, max=1.1s) (Lag: Av=0.57s, max=1.1s)} 0-1

[Event "Stay Safe Play From Home 365"]
[Site "Emanuel Lasker Arena"]
[Date "2020.08.07"]
[Round "8"]
[White "Ao017545"]
[Black "Trotsky"]
[Result "0-1"]
[WhiteElo "1716"]
[BlackElo "1554"]
[Annotator "NA"]
[PlyCount "50"]
[EventDate "2020.08.07"]
[EventType "swiss (blitz)"]

1. e4 {[%emt 0:00:02]} c5 {[%emt 0:00:01]} 2. Nf3 {[%emt 0:00:00]} e6 {[%emt 0:00:00]} 3. Bc4 {[%emt 0:00:01]} d5 {[%emt 0:00:01]} 4. exd5 {[%emt 0:00:03]} exd5 {[%emt 0:00:01]} 5. Bb5+ {[%emt 0:00:00]} Nc6 {[%emt 0:00:01]} 6. Bxc6+ {[%emt 0:00:01]} bxc6 {[%emt 0:00:01]} 7. O-O {[%emt 0:00:00]} Bd6 {[%emt 0:00:01]} 8. Re1+ {[%emt 0:00:00]} Be6 {[%emt 0:00:01]} 9. Qe2 {[%emt 0:00:00]} Qc7 {[%emt 0:00:01]} 10. Nc3 {[%emt 0:00:00]} O-O-O {[%emt 0:00:01]} 11. Ng5 {[%emt 0:00:01]} Nf6 {[%emt 0:00:03]} 12. Nxe6 {[%emt 0:00:02]} fxe6 {[%emt 0:00:00]} 13. Qxe6+ {[%emt 0:00:00]} Kb8 {[%emt 0:00:01]} 14. Qh3 {[%emt 0:00:06]} h5 {[%emt 0:00:01]} 15. d3 {[%emt 0:00:05]} Ng4 {[%emt 0:00:01]} 16. Be3 {[%emt 0:00:02]} Bxh2+ {[%emt 0:00:01]} 17. Kh1 {[%emt 0:00:03]} Bf4 {[%emt 0:00:03]} 18. f3 {[%emt 0:00:05]} g5 {[%emt 0:00:01]} 19. fxg4 {[%emt 0:00:01]} hxg4 {[%emt 0:00:01]} 20. Bxf4 {[%emt 0:00:08]} Rxh3+ {[%emt 0:00:03]} 21. gxh3 {[%emt 0:00:01]} Qxf4 {[%emt 0:00:01]} 22. h4 {[%emt 0:00:03]} g3 {[%emt 0:00:02]} 23. hxg5 {[%emt 0:00:04]} Qf2 {[%emt 0:00:01]} 24. Re2 {[%emt 0:00:01]} g2+ {[%emt 0:00:02]} 25. Kh2 {[%emt 0:00:01]} Rh8# {[%emt 0:00:02] (Lag: Av=0.48s, max=0.9s) (Lag: Av=0.48s, max=0.9s) (Lag: Av=0.48s, max=0.9s) (Lag: Av=0.48s, max=0.9s) (Lag: Av=0.48s, max=0.9s)} 0-1

[Event "Stay Safe Play From Home 365"]
[Site "Emanuel Lasker Arena"]
[Date "2020.08.07"]
[Round "9"]
[White "Tran Minh Thang"]
[Black "BrainThinker22"]
[Result "1-0"]
[WhiteElo "2446"]
[BlackElo "2302"]
[Annotator "NA"]
[PlyCount "95"]
[EventDate "2020.08.07"]
[EventType "swiss (blitz)"]

1. b3 {[%emt 0:00:02]} e5 {[%emt 0:00:01]} 2. Bb2 {[%emt 0:00:00]} Nc6 {[%emt 0:00:00]} 3. e3 {[%emt 0:00:00]} g6 {[%emt 0:00:00]} 4. Bb5 {[%emt 0:00:01]} d6 {[%emt 0:00:01]} 5. f4 {[%emt 0:00:01]} Bg7 {[%emt 0:00:01]} 6. Nf3 {[%emt 0:00:01]} Bg4 {[%emt 0:00:01]} 7. Bxc6+ {[%emt 0:00:03]} bxc6 {[%emt 0:00:01]} 8. fxe5 {[%emt 0:00:00]} dxe5 {[%emt 0:00:00]} 9. O-O {[%emt 0:00:01]} f5 {[%emt 0:00:01]} 10. h3 {[%emt 0:00:01]} Bxf3 {[%emt 0:00:01]} 11. Rxf3 {[%emt 0:00:05]} Ne7 {[%emt 0:00:02]} 12. e4 {[%emt 0:00:02]} O-O {[%emt 0:00:01]} 13. d3 {[%emt 0:00:01]} fxe4 {[%emt 0:00:01]} 14. Rxf8+ {[%emt 0:00:01]} Kxf8 {[%emt 0:00:00]} 15. Qf1+ {[%emt 0:00:01]} Kg8 {[%emt 0:00:00]} 16. dxe4 {[%emt 0:00:00]} Qd7 {[%emt 0:00:01]} 17. Nc3 {[%emt 0:00:02]} Rf8 {[%emt 0:00:01]} 18. Qc4+ {[%emt 0:00:01]} Kh8 {[%emt 0:00:01]} 19. Rd1 {[%emt 0:00:00]} Qe8 {[%emt 0:00:04]} 20. Qe6 {[%emt 0:00:01]} Nc8 {[%emt 0:00:02]} 21. Qxe8 {[%emt 0:00:01]} Rxe8 {[%emt 0:00:00]} 22. Rd7 {[%emt 0:00:00]} Nd6 {[%emt 0:00:01]} 23. Rxc7 {[%emt 0:00:01]} Rc8 {[%emt 0:00:01]} 24. Rd7 {[%emt 0:00:01]} Ne8 {[%emt 0:00:01]} 25. Rxa7 {[%emt 0:00:01]} Nf6 {[%emt 0:00:01]} 26. Kf2 {[%emt 0:00:07]} h5 {[%emt 0:00:01]} 27. Ke3 {[%emt 0:00:01]} Rd8 {[%emt 0:00:01]} 28. Re7 {[%emt 0:00:02]} Nd7 {[%emt 0:00:01]} 29. Ne2 {[%emt 0:00:01]} Kg8 {[%emt 0:00:04]} 30. Nc1 {[%emt 0:00:03]} Kf8 {[%emt 0:00:00]} 31. Re6 {[%emt 0:00:00]} Kf7 {[%emt 0:00:03]} 32. Rxc6 {[%emt 0:00:01]} Nf6 {[%emt 0:00:01]} 33. Nd3 {[%emt 0:00:01]} Ra8 {[%emt 0:00:03]} 34. Nxe5+ {[%emt 0:00:01]} Kg8 {[%emt 0:00:00]} 35. Nxg6 {[%emt 0:00:00]} Nd5+ {[%emt 0:00:00]} 36. exd5 {[%emt 0:00:01]} Bxb2 {[%emt 0:00:00]} 37. a4 {[%emt 0:00:01]} Kf7 {[%emt 0:00:02]} 38. Nf4 {[%emt 0:00:01]} h4 {[%emt 0:00:00]} 39. Ne6 {[%emt 0:00:01]} Bc1+ {[%emt 0:00:01]} 40. Ke4 {[%emt 0:00:01]} Bb2 {[%emt 0:00:00]} 41. Kf5 {[%emt 0:00:00]} Ke7 {[%emt 0:00:02]} 42. c4 {[%emt 0:00:00]} Rg8 {[%emt 0:00:02]} 43. c5 {[%emt 0:00:00]} Rxg2 {[%emt 0:00:01]} 44. Rc7+ {[%emt 0:00:00]} Ke8 {[%emt 0:00:01]} 45. d6 {[%emt 0:00:00]} Rf2+ {[%emt 0:00:00]} 46. Kg4 {[%emt 0:00:00]} Rg2+ {[%emt 0:00:01]} 47. Kf3 {[%emt 0:00:01]} Rd2 {[%emt 0:00:02]} 48. Re7# {[%emt 0:00:01] (Lag: Av=0.74s, max=1.2s) (Lag: Av=0.74s, max=1.2s) (Lag: Av=0.74s, max=1.2s) (Lag: Av=0.74s, max=1.2s) (Lag: Av=0.74s, max=1.2s)} 1-0

[Event "Stay Safe Play From Home 365"]
[Site "Emanuel Lasker Arena"]
[Date "2020.08.07"]
[Round "9"]
[White "Hickey"]
[Black "Sfantul321"]
[Result "1-0"]
[WhiteElo "2115"]
[BlackElo "1943"]
[Annotator "NA"]
[PlyCount "97"]
[EventDate "2020.08.07"]
[EventType "swiss (blitz)"]

1. Nf3 {[%emt 0:00:04]} c5 {[%emt 0:00:00]} 2. g3 {[%emt 0:00:00]} Nc6 {[%emt 0:00:01]} 3. Bg2 {[%emt 0:00:00]} g6 {[%emt 0:00:00]} 4. O-O {[%emt 0:00:00]} Bg7 {[%emt 0:00:00]} 5. c3 {[%emt 0:00:02]} e6 {[%emt 0:00:00]} 6. d4 {[%emt 0:00:00]} cxd4 {[%emt 0:00:01]} 7. cxd4 {[%emt 0:00:00]} d5 {[%emt 0:00:00]} 8. Nc3 {[%emt 0:00:01]} Nf6 {[%emt 0:00:01]} 9. Bf4 {[%emt 0:00:00]} O-O {[%emt 0:00:02]} 10. Ne5 {[%emt 0:00:00]} Nxe5 {[%emt 0:00:01]} 11. Bxe5 {[%emt 0:00:00]} Nd7 {[%emt 0:00:01]} 12. Bxg7 {[%emt 0:00:01]} Kxg7 {[%emt 0:00:00]} 13. Rc1 {[%emt 0:00:01]} a6 {[%emt 0:00:00]} 14. b3 {[%emt 0:00:01]} Nf6 {[%emt 0:00:01]} 15. Na4 {[%emt 0:00:01]} b5 {[%emt 0:00:01]} 16. Nc5 {[%emt 0:00:00]} Bd7 {[%emt 0:00:01]} 17. Qd2 {[%emt 0:00:02]} h6 {[%emt 0:00:02]} 18. Rc2 {[%emt 0:00:00]} a5 {[%emt 0:00:01]} 19. Rfc1 {[%emt 0:00:01]} b4 {[%emt 0:00:00]} 20. Nxd7 {[%emt 0:00:02]} Qxd7 {[%emt 0:00:01]} 21. Rc7 {[%emt 0:00:03]} Qd8 {[%emt 0:00:00]} 22. h3 {[%emt 0:00:03]} Ne8 {[%emt 0:00:03]} 23. R7c6 {[%emt 0:00:02]} Nd6 {[%emt 0:00:01]} 24. Qe3 {[%emt 0:00:00]} Kg8 {[%emt 0:00:02]} 25. Qe5 {[%emt 0:00:01]} Nb5 {[%emt 0:00:03]} 26. R1c2 {[%emt 0:00:05]} Nc3 {[%emt 0:00:01]} 27. a4 {[%emt 0:00:01]} Rc8 {[%emt 0:00:01]} 28. Rxc8 {[%emt 0:00:02]} Qxc8 {[%emt 0:00:00]} 29. h4 {[%emt 0:00:01]} Qb8 {[%emt 0:00:01]} 30. Qe3 {[%emt 0:00:01]} Qd6 {[%emt 0:00:02]} 31. Qxh6 {[%emt 0:00:01]} e5 {[%emt 0:00:03]} 32. dxe5 {[%emt 0:00:02]} Qxe5 {[%emt 0:00:01]} 33. Qd2 {[%emt 0:00:00]} Rc8 {[%emt 0:00:03]} 34. Qd3 {[%emt 0:00:00]} Qf5 {[%emt 0:00:03]} 35. Qxf5 {[%emt 0:00:02]} gxf5 {[%emt 0:00:01]} 36. Rd2 {[%emt 0:00:00]} Rd8 {[%emt 0:00:03]} 37. Rd3 {[%emt 0:00:01]} Re8 {[%emt 0:00:01]} 38. Kf1 {[%emt 0:00:00]} Nxe2 {[%emt 0:00:01]} 39. Bxd5 {[%emt 0:00:05]} Nc3 {[%emt 0:00:01]} 40. Bc4 {[%emt 0:00:00]} f4 {[%emt 0:00:04]} 41. Rd7 {[%emt 0:00:00]} Rf8 {[%emt 0:00:03]} 42. Re7 {[%emt 0:00:01]} fxg3 {[%emt 0:00:01]} 43. Ra7 {[%emt 0:00:00]} gxf2 {[%emt 0:00:01]} 44. Kxf2 {[%emt 0:00:00]} Ne4+ {[%emt 0:00:01]} 45. Ke3 {[%emt 0:00:01]} Nd6 {[%emt 0:00:00]} 46. Rxa5 {[%emt 0:00:00]} Nxc4+ {[%emt 0:00:01]} 47. bxc4 {[%emt 0:00:01]} Rc8 {[%emt 0:00:00]} 48. Rg5+ {[%emt 0:00:00]} Kf8 {[%emt 0:00:03]} 49. Kd3 {[%emt 0:00:00] Time Time Time Time Time (Lag: Av=0.49s, max=0.9s) (Lag: Av=0.49s, max=0.9s) (Lag: Av=0.49s, max=0.9s) (Lag: Av=0.49s, max=0.9s) (Lag: Av=0.49s, max=0.9s)} 1-0